|
|
|
|
| LEADER |
00000nam0a2200000 4500 |
| 001 |
254508 |
| 005 |
20231101232937.0 |
| 010 |
|
|
|a 5060002942
|
| 020 |
|
|
|a RU
|b 89-40272
|
| 035 |
|
|
|a (RuTPU)RU\TPU\book\276988
|
| 090 |
|
|
|a 254508
|
| 100 |
|
|
|a 20140321d1989 k y0rusy5003 ca
|
| 101 |
0 |
|
|a rus
|
| 102 |
|
|
|a RU
|
| 105 |
|
|
|a a g 000zy
|
| 200 |
1 |
|
|a Справочник молодого электромонтажника распределительных устройств и подстанций
|f А. Н. Бредихин, С. С. Хачатрян
|
| 210 |
|
|
|a Москва
|c Высшая школа
|d 1989
|
| 215 |
|
|
|a 160 с.
|c ил.
|
| 300 |
|
|
|a На обл. авт. не указаны.
|
| 606 |
1 |
|
|a Электрические распределительные устройства
|x Монтаж
|2 stltpush
|3 (RuTPU)RU\TPU\subj\27388
|9 51152
|
| 606 |
1 |
|
|a Электрические подстанции
|x Электрооборудование
|x Монтаж
|2 stltpush
|3 (RuTPU)RU\TPU\subj\27304
|9 51084
|
| 610 |
1 |
|
|a здания
|
| 610 |
1 |
|
|a материалы
|
| 610 |
1 |
|
|a электрооборудование
|
| 610 |
1 |
|
|a справочники
|
| 610 |
1 |
|
|a монтаж
|
| 610 |
1 |
|
|a трансформаторные подстанции
|
| 610 |
1 |
|
|a силовые трансформаторы
|
| 610 |
1 |
|
|a заземляющие устройства
|
| 675 |
|
|
|a 621.316.37(035)
|z rus
|v 3
|
| 675 |
|
|
|a 621.311.4.002.72(035)
|z rus
|v 3
|
| 700 |
|
1 |
|a Бредихин
|b А. Н.
|g Алексей Николаевич
|
| 701 |
|
1 |
|a Хачатрян
|b С. С.
|g Сейран Седракович
|
| 801 |
|
0 |
|a RU
|b RuMRKP
|c 19950417
|g psbo
|
| 801 |
|
1 |
|a RU
|b 63413507
|c 20140321
|
| 801 |
|
2 |
|a RU
|b 63413507
|c 20140715
|g RCR
|
| 942 |
|
|
|c BK
|